[Event "World Blitz 2015"]
[Site "Berlin GER"]
[Date "2015.10.13"]
[Round "7.38"]
[White "Swiercz, Dariusz"]
[Black "Anton Guijarro, David"]
[Result "1-0"]
[WhiteTitle "GM"]
[BlackTitle "GM"]
[WhiteElo "2620"]
[BlackElo "2634"]
[WhiteFideId "1126881"]
[BlackFideId "2285525"]
[EventDate "2015.10.13"]

1. Nf3 b6 2. g3 Bb7 3. Bg2 Nf6 4. O-O g6 5. d3 Bg7 6. e4 O-O 7. Nc3 e6 8. e5 Nd5
9. Ne4 f5 10. exf6 Nxf6 11. Re1 Nxe4 12. dxe4 Nc6 13. c3 Qe7 14. Bf4 d6 15. e5
d5 16. Qd2 Na5 17. b3 c5 18. h4 Nc6 19. Nh2 d4 20. c4 Nb4 21. Bg5 Qc7 22. Bxb7
Qxb7 23. a3 Nc6 24. Ng4 Rf3 25. b4 Raf8 26. Bf6 h5 27. Bxg7 Qxg7 28. Nf6+ Kh8
29. Qe2 Rf5 30. f4 Ne7 31. bxc5 bxc5 32. Rab1 Ng8 33. Ne4 Qe7 34. Rb3 Nh6 35.
Reb1 R5f7 36. Ng5 Rg7 37. Qe4 Nf5 38. Rb7 Nxg3 39. Qg2 Ne2+ 40. Qxe2 Qxb7 41.
Rxb7 Rxb7 42. Qe4 Rg7 43. Nxe6 1-0

[Event "World Blitz 2015"]
[Site "Berlin GER"]
[Date "2015.10.13"]
[Round "7.39"]
[White "Zhang, Zhong"]
[Black "Ganguly, Surya Shekhar"]
[Result "1-0"]
[WhiteTitle "GM"]
[BlackTitle "GM"]
[WhiteElo "2619"]
[BlackElo "2652"]
[WhiteFideId "8600694"]
[BlackFideId "5002150"]
[EventDate "2015.10.13"]

1. e4 e6 2. d3 d5 3. Nd2 Nf6 4. g3 Nc6 5. Bg2 dxe4 6. dxe4 e5 7. Ngf3 Bc5 8. O-O
O-O 9. c3 a5 10. Qc2 Qe7 11. Nh4 b6 12. h3 Ba6 13. Re1 Rad8 14. Nf5 Qe6 15. Bf1
Bxf1 16. Nxf1 g6 17. Nh6+ Kg7 18. Kg2 Rd7 19. Qe2 Rfd8 20. Bg5 Be7 21. Qf3 Nxe4
22. Bxe7 Rxe7 23. Nxf7 Nd2 24. Nxd2 Rxf7 25. Qe2 Qd5+ 26. Ne4 Rdf8 27. Kg1 h6
28. h4 Rf3 29. Red1 Qe6 30. Kg2 Qg4 31. Re1 Ne7 32. Nd2 Rxf2+ 33. Qxf2 Rxf2+ 34.
Kxf2 Nf5 35. Ne4 Qh3 36. Rh1 Qg4 37. Rae1 Ne7 38. Re2 Nd5 39. Rd1 c6 40. c4 Qf5+
41. Kg2 Qg4 42. Kf2 Qf5+ 43. Kg2 Qg4 44. Kf2 Qf5+ 45. Ke1 Nb4 46. a3 Na6 47. Rd6
Nc5 48. Nxc5 bxc5 49. Rxc6 Qf3 50. Rc7+ Kg8 51. Rd2 Qxg3+ 52. Kd1 Qxh4 53. Rdd7
Qg4+ 54. Kc1 Qxc4+ 55. Kd2 Qf4+ 56. Kc3 Qe3+ 57. Kc4 Qe2+ 58. Kd5 Qd3+ 59. Ke6
Qf5+ 60. Kd5 e4+ 61. Kc6 Qe6+ 62. Kb7 Qb3+ 63. Ka7 Kh8 64. Rc8+ Qg8 65. Rxg8+
Kxg8 66. Kb6 g5 67. Kxc5 1-0

[Event "World Blitz 2015"]
[Site "Berlin GER"]
[Date "2015.10.13"]
[Round "7.40"]
[White "Sethuraman, S.P."]
[Black "Bachmann, Axel"]
[Result "1-0"]
[WhiteTitle "GM"]
[BlackTitle "GM"]
[WhiteElo "2640"]
[BlackElo "2593"]
[WhiteFideId "5021596"]
[BlackFideId "3700488"]
[EventDate "2015.10.13"]

1. d4 g6 2. Nc3 Bg7 3. e4 d6 4. h4 h5 5. Be3 c6 6. Qd2 b5 7. f3 Nd7 8. Nh3 Nb6
9. Ng5 Nf6 10. a4 Nc4 11. Bxc4 bxc4 12. O-O-O Rb8 13. e5 Nd5 14. Nxd5 cxd5 15.
exd6 exd6 16. Rde1 O-O 17. g4 Qb6 18. Qc3 hxg4 19. h5 Qb4 20. Qxb4 Rxb4 21. Bf4
Rb6 22. h6 Bf6 23. h7+ Kg7 24. h8=Q+ Rxh8 25. Rxh8 Kxh8 26. Re8+ Kg7 27. Rxc8 g3
28. Nh3 g2 29. Be3 Rb4 30. Nf4 Rxa4 31. Nxg2 Ra1+ 32. Kd2 Rb1 33. Nf4 Bh4 34.
Nxd5 Be1+ 35. Ke2 Bg3 36. Rxc4 Rxb2 37. Bf4 Bxf4 38. Nxf4 g5 39. Nd3 Ra2 40. Rc6
f5 41. Ke3 Kf7 42. Rxd6 Rxc2 43. Ne5+ Ke7 44. Ra6 Rc3+ 45. Ke2 Rb3 46. Rxa7+ Ke6
47. Ra5 Rb2+ 48. Ke3 Rb3+ 49. Nd3 Rc3 50. d5+ Kf6 51. Ra6+ Ke7 52. Kd4 Rc2 53.
d6+ Kf6 54. d7+ Ke7 55. Nc5 Rd2+ 56. Ke5 g4 57. Re6+ Kd8 58. Re8+ Kc7 59. Rc8+
Kb6 60. d8=Q+ Rxd8 61. Rxd8 1-0

[Event "World Blitz 2015"]
[Site "Berlin GER"]
[Date "2015.10.13"]
[Round "7.41"]
[White "Abel, Dennes"]
[Black "Nepomniachtchi, Ian"]
[Result "0-1"]
[WhiteTitle "IM"]
[BlackTitle "GM"]
[WhiteElo "2441"]
[BlackElo "2705"]
[WhiteFideId "24605417"]
[BlackFideId "4168119"]
[EventDate "2015.10.13"]

1. d4 Nf6 2. Bg5 d5 3. Bxf6 gxf6 4. e3 c5 5. c3 e6 6. Nf3 Nc6 7. Nbd2 a6 8. g3
f5 9. Bg2 cxd4 10. exd4 Bg7 11. Qe2 Qc7 12. O-O O-O 13. Rfe1 Bd7 14. Nb3 Rae8
15. Nc5 Bc8 16. Rad1 f4 17. Nd3 fxg3 18. hxg3 f6 19. Nf4 Qf7 20. Nh2 Bh6 21. Nh5
Kh8 22. Qf3 e5 23. g4 e4 24. Qe2 f5 25. gxf5 Bxf5 26. Ng3 Bc8 27. Nhf1 Bf4 28.
Qh5 Qg8 29. Qh4 Re6 30. Ne2 Bg5 31. Qh2 Rg6 32. c4 Qf7 33. Qg3 Bh6 34. Qh4 Rg4
35. Qh2 Qxf2+ 36. Kh1 Rh4 0-1

[Event "World Blitz 2015"]
[Site "Berlin GER"]
[Date "2015.10.13"]
[Round "7.43"]
[White "Lagno, Kateryna"]
[Black "Navara, David"]
[Result "0-1"]
[WhiteTitle "GM"]
[BlackTitle "GM"]
[WhiteElo "2523"]
[BlackElo "2734"]
[WhiteFideId "14109336"]
[BlackFideId "309095"]
[EventDate "2015.10.13"]

1. Nf3 Nf6 2. c4 b6 3. g3 c5 4. Bg2 Bb7 5. O-O g6 6. d4 cxd4 7. Qxd4 Bg7 8. Nc3
d6 9. Bg5 Nbd7 10. Rac1 h6 11. Be3 O-O 12. Qd2 Ng4 13. Bd4 Nde5 14. Bxe5 dxe5
15. Qxd8 Rfxd8 16. h3 e4 17. hxg4 exf3 18. Bxf3 Bxf3 19. exf3 Rd2 20. b3 Rad8
21. Ne4 Rxa2 22. b4 Ra4 23. b5 Rc8 24. c5 bxc5 25. Nxc5 Ra5 26. Nb7 Rxc1 27.
Nxa5 Rc5 28. Nc6 a6 29. Rd1 axb5 30. Rd8+ Bf8 31. Nxe7+ Kg7 32. Nd5 b4 33. Ne3
Rb5 34. Rd1 b3 35. Kf1 b2 36. Rb1 Bc5 37. Nc4 Bd4 38. Ke2 Rb3 39. Nd2 Ra3 40.
Rd1 Rc3 41. Nb1 Rc2+ 42. Kd3 Rc1 43. Kd2 Bxf2 44. Rxc1 Be3+ 0-1

[Event "World Blitz 2015"]
[Site "Berlin GER"]
[Date "2015.10.13"]
[Round "7.46"]
[White "Kovalenko, Igor"]
[Black "Khismatullin, Denis"]
[Result "0-1"]
[WhiteTitle "GM"]
[BlackTitle "GM"]
[WhiteElo "2700"]
[BlackElo "2651"]
[WhiteFideId "14117908"]
[BlackFideId "4142578"]
[EventDate "2015.10.13"]

1. c4 c5 2. g3 g6 3. Bg2 Bg7 4. Nc3 Nc6 5. Nf3 d6 6. a3 Nh6 7. h4 Qd7 8. h5 b6
9. d3 Bb7 10. Bf4 Nd4 11. Bxh6 Bxh6 12. e3 Nxf3+ 13. Bxf3 Bg7 14. Rc1 Rd8 15. b4
e6 16. h6 Bf6 17. Bxb7 Qxb7 18. Ne4 Be7 19. Qf3 Rd7 20. g4 f5 21. gxf5 exf5 22.
Nd2 Qxf3 23. Nxf3 Kf7 24. Ke2 Bf6 25. Rb1 Re8 26. Rb3 g5 27. a4 Kg6 28. bxc5
dxc5 29. Rb5 g4 30. Ne1 Bg5 31. a5 Re6 32. Nc2 f4 33. axb6 axb6 34. Rhb1 f3+ 35.
Kd2 Rdd6 36. Rg1 Kf5 37. d4 Rxh6 38. Kc3 Bf6 39. Kd3 Rh2 40. Rf1 h5 41. Rb3 h4
42. Ra3 Rg2 43. Ra7 Kg6 44. Ke4 h3 45. Raa1 h2 46. d5 Bxa1 47. Rxa1 Rg1 0-1

[Event "World Blitz 2015"]
[Site "Berlin GER"]
[Date "2015.10.13"]
[Round "7.47"]
[White "Ehlvest, Jaan"]
[Black "Rublevsky, Sergei"]
[Result "0-1"]
[WhiteTitle "GM"]
[BlackTitle "GM"]
[WhiteElo "2535"]
[BlackElo "2702"]
[WhiteFideId "4500016"]
[BlackFideId "4115309"]
[EventDate "2015.10.13"]

1. Nf3 d5 2. g3 Bg4 3. Bg2 c6 4. O-O Nd7 5. d4 Ngf6 6. Nbd2 e6 7. Re1 Be7 8. e4
h6 9. c3 O-O 10. h3 Bh5 11. e5 Nh7 12. Nb3 c5 13. Be3 Rc8 14. Nc1 Ng5 15. Nd3
cxd4 16. Bxd4 Bxf3 17. Bxf3 Nxh3+ 18. Kg2 Ng5 19. Bg4 Nc5 20. Nf4 Nd7 21. b4 Nb8
22. b5 Bc5 23. Rh1 Nd7 24. Nd3 Bxd4 25. cxd4 Rc4 26. f4 Ne4 27. Ne1 Qb6 28. Nf3
Rfc8 29. Re1 Rc2+ 30. Re2 R2c4 31. Rb2 g6 32. a4 Qa5 33. Bh3 Nb6 34. g4 Rxa4 35.
Rxa4 Qxa4 36. Qxa4 Nxa4 37. Ra2 Rc4 38. f5 g5 39. Kg1 Nec3 40. Rc2 Nxb5 41. Ra2
Nxd4 0-1

[Event "World Blitz 2015"]
[Site "Berlin GER"]
[Date "2015.10.13"]
[Round "7.48"]
[White "Wojtaszek, Radoslaw"]
[Black "Milanovic, Danilo"]
[Result "1-0"]
[WhiteTitle "GM"]
[BlackTitle "GM"]
[WhiteElo "2734"]
[BlackElo "2469"]
[WhiteFideId "1118358"]
[BlackFideId "915483"]
[EventDate "2015.10.13"]

1. d4 Nf6 2. c4 c5 3. Nf3 cxd4 4. Nxd4 b6 5. f3 Bb7 6. e4 d6 7. Nc3 e6 8. Be3 a6
9. Be2 Be7 10. O-O O-O 11. Qd2 Qc7 12. Rfc1 Rc8 13. Bf1 Qd8 14. Qf2 Nbd7 15. b4
Rab8 16. Nb3 Ba8 17. Rd1 d5 18. exd5 Bxb4 19. dxe6 Bxc3 20. Rac1 Be5 21. exd7
Nxd7 22. c5 b5 23. Nd4 Qc7 24. f4 Bf6 25. Nf5 Nf8 26. Nd6 Rd8 27. f5 Bc6 28. Bd4
Nd7 29. Rc3 Ba8 30. Rdc1 Bxd4 31. Qxd4 Nf6 32. Rg3 Qe7 33. Rcc3 Nh5 34. Rge3 Qf6
35. Qg4 g6 36. Rh3 Ng7 37. fxg6 hxg6 38. Rc2 Rxd6 39. cxd6 Qxd6 40. Qh4 Kf8 41.
Re2 Ne6 42. Qf6 Qb6+ 43. Kh1 Ke8 44. Rh8+ 1-0

[Event "World Blitz 2015"]
[Site "Berlin GER"]
[Date "2015.10.13"]
[Round "7.49"]
[White "Shabalov, Alexander"]
[Black "Lenic, Luka"]
[Result "0-1"]
[WhiteTitle "GM"]
[BlackTitle "GM"]
[WhiteElo "2522"]
[BlackElo "2639"]
[WhiteFideId "2008572"]
[BlackFideId "14603853"]
[EventDate "2015.10.13"]

1. Nf3 Nf6 2. d4 e6 3. e3 b6 4. Bd3 Bb7 5. O-O c5 6. b3 Be7 7. Bb2 cxd4 8. exd4
O-O 9. Nbd2 d5 10. Qe2 Nc6 11. a3 Rc8 12. Rfe1 Re8 13. Rad1 Bf8 14. Bb5 Re7 15.
Bd3 Rec7 16. h4 Ne7 17. Ng5 Ng6 18. g3 Qd6 19. Ndf3 Ne4 20. h5 Ne7 21. c4 f5 22.
Nh3 dxc4 23. bxc4 Nxg3 24. Qe3 Ne4 25. Nf4 Rxc4 26. Bxc4 Rxc4 27. Ne5 Rc2 28.
Re2 Rxe2 29. Qxe2 Nd5 30. Nfd3 Ndf6 31. f3 Ng3 32. Qh2 Nfxh5 33. Rc1 h6 34. Rc2
Kh7 35. Qh3 Be7 36. Rg2 f4 37. Nxf4 Nxf4 38. Qxg3 g5 39. Rc2 Bf6 40. Qe1 Bxe5
41. dxe5 Qd5 42. Rc7+ Kg6 43. Qe4+ Qxe4 44. fxe4 Bxe4 45. Rxa7 Nd5 46. Bd4 b5
47. Ra6 Kf5 48. Ra7 h5 49. Rb7 Bd3 50. Rf7+ Ke4 51. Bb2 h4 52. Rg7 Kf5 53. Kf2
g4 54. Bc1 g3+ 55. Kg2 Nf4+ 56. Bxf4 Kxf4 57. Kh3 Be4 58. Rg4+ Kxe5 59. Rxh4 g2
60. Kh2 Kd4 61. Rh6 Bd5 62. Rh4+ Kc3 63. a4 b4 64. a5 b3 65. Rh8 b2 66. Rb8 Bb3 0-1

[Event "World Blitz 2015"]
[Site "Berlin GER"]
[Date "2015.10.13"]
[Round "7.50"]
[White "Al-Sayed, Mohammed"]
[Black "Hjartarson, Johann"]
[Result "1-0"]
[WhiteTitle "GM"]
[BlackTitle "GM"]
[WhiteElo "2520"]
[BlackElo "2529"]
[WhiteFideId "12100196"]
[BlackFideId "2300044"]
[EventDate "2015.10.13"]

1. d4 Nf6 2. c4 e6 3. Nf3 Bb4+ 4. Bd2 a5 5. g3 d6 6. Bg2 Nbd7 7. O-O e5 8. Bg5
exd4 9. Nxd4 O-O 10. Nd2 h6 11. Bxf6 Nxf6 12. e3 Re8 13. Qc2 c6 14. Rad1 Qe7 15.
Nf5 Qe5 16. Nd4 Bg4 17. Bf3 Qh5 18. Bxg4 Nxg4 19. h4 Ne5 20. Kg2 Bxd2 21. Qxd2
Nxc4 22. Qc2 d5 23. b3 Nd6 24. Qe2 Qg6 25. Qf3 Re7 26. Rc1 Ne4 27. Qf5 Qxf5 28.
Nxf5 Re5 29. Nd4 h5 30. Rfd1 g6 31. Ne2 Kg7 32. Nf4 Nd6 33. Nd3 Re7 34. Nc5 Ne4
35. Nd3 f6 36. Rc2 Kf7 37. Nf4 Nd6 38. Nd3 a4 39. b4 Nc4 40. Nc5 b6 41. Nd3 b5
42. Nf4 Rae8 43. Rd3 Rh8 44. Ne2 g5 45. Nd4 Rc7 46. Nf3 Kg6 47. Rd4 Re8 48. Rc3
Re4 49. Rd1 Rd7 50. Rh1 Rd6 51. Rd1 Ne5 52. Nd4 Nc4 53. Nf3 Re8 54. Rd4 Ne5 55.
Ne1 gxh4 56. Rxh4 Ng4 57. Nf3 Re4 58. a3 Rc4 59. Rxc4 bxc4 60. Rh1 Ne5 61. Nd4
Nd3 62. Kf3 c5 63. bxc5 Nxc5 64. g4 hxg4+ 65. Kxg4 Nd3 66. Nf5 Nxf2+ 67. Kf4
Nxh1 68. Nxd6 c3 1-0

[Event "World Blitz 2015"]
[Site "Berlin GER"]
[Date "2015.10.13"]
[Round "7.51"]
[White "Sasikiran, Krishnan"]
[Black "Handke, Florian"]
[Result "1-0"]
[WhiteTitle "GM"]
[BlackTitle "GM"]
[WhiteElo "2639"]
[BlackElo "2531"]
[WhiteFideId "5004985"]
[BlackFideId "4634527"]
[EventDate "2015.10.13"]

1. d4 Nf6 2. c4 g6 3. Nc3 d5 4. Nf3 Bg7 5. cxd5 Nxd5 6. e4 Nxc3 7. bxc3 c5 8.
Be3 Qa5 9. Qd2 O-O 10. Rc1 Bg4 11. Ng5 cxd4 12. cxd4 Qxd2+ 13. Kxd2 Nc6 14. h3
Bd7 15. d5 Na5 16. Rc5 b6 17. Rc7 Rfd8 18. Ba6 h6 19. Nf3 f5 20. Nh4 Be8 21.
exf5 Rxd5+ 22. Ke2 gxf5 23. Rhc1 Bf6 24. Nf3 Bb5+ 25. Bxb5 Rxb5 26. Bxh6 Rd8 27.
R1c2 a6 28. g4 fxg4 29. hxg4 Kf7 30. Be3 Rbd5 31. Bxb6 R8d6 32. Be3 Rd7 33. Rxd7
Rxd7 34. g5 Bg7 35. Nh4 Nb7 36. f4 Nd6 37. f5 Be5 38. Kf3 Rb7 39. Kg4 Rb4+ 40.
Kh5 Ne4 41. Nf3 Ng3+ 42. Kh6 Nxf5+ 43. Kh7 Bf4 44. g6+ Ke6 45. Bxf4 Rxf4 46.
Re2+ Kd6 47. Ng5 Rh4+ 48. Kg8 Nh6+ 49. Kg7 Nf5+ 50. Kf8 e5 51. Nf7+ Kc7 52. Rxe5
Rf4 53. g7 Nh6 54. Re7+ Kc6 55. Re6+ Kd7 56. Rxh6 Rb4 57. Rd6+ Kc7 58. g8=Q Rb8+
59. Rd8 1-0

[Event "World Blitz 2015"]
[Site "Berlin GER"]
[Date "2015.10.13"]
[Round "7.52"]
[White "Postny, Evgeny"]
[Black "Svane, Rasmus"]
[Result "0-1"]
[WhiteTitle "GM"]
[BlackTitle "IM"]
[WhiteElo "2658"]
[BlackElo "2543"]
[WhiteFideId "2804344"]
[BlackFideId "4657101"]
[EventDate "2015.10.13"]

1. d4 d5 2. c4 c6 3. Nf3 Nf6 4. Nc3 e6 5. g3 Nbd7 6. Bg2 Be7 7. O-O dxc4 8. e4
O-O 9. Bf4 Re8 10. a4 a5 11. Re1 b6 12. d5 exd5 13. exd5 Bb7 14. d6 Bf8 15. Rxe8
Nxe8 16. Nd4 Rc8 17. Nf5 Nc5 18. Qg4 g6 19. Re1 h5 20. Qe2 gxf5 21. Qxh5 Qf6 22.
Be5 Ng7 23. Qf3 Qg6 24. Bf1 Bxd6 25. Bxc4 Re8 26. Qf4 Bc8 27. Re3 Rxe5 28. Rxe5
Bxe5 29. Qxe5 Be6 30. Qb8+ Kh7 31. Bxe6 Ngxe6 32. Qxb6 f4 33. Qxc6 fxg3 34. hxg3
Qf5 35. Qh1+ Kg7 36. Qh4 Nd3 37. Ne4 Nec5 38. Nxc5 Qxf2+ 39. Kh1 Qxc5 40. Qg4+
Kf8 41. Qf3 Ne5 42. Qf5 Qd5+ 0-1

[Event "World Blitz 2015"]
[Site "Berlin GER"]
[Date "2015.10.13"]
[Round "7.54"]
[White "Seirawan, Yasser"]
[Black "Bezold, Michael"]
[Result "1/2-1/2"]
[WhiteTitle "GM"]
[BlackTitle "GM"]
[WhiteElo "2620"]
[BlackElo "2509"]
[WhiteFideId "2000032"]
[BlackFideId "4601718"]
[EventDate "2015.10.13"]

1. c4 c5 2. g3 Nf6 3. Bg2 e6 4. Nf3 a6 5. O-O Be7 6. Nc3 O-O 7. d4 cxd4 8. Nxd4
Qc7 9. Qd3 d6 10. b3 Nc6 11. Bb2 Ne5 12. Qd2 Bd7 13. Rac1 Rac8 14. h3 Rfe8 15.
Rfd1 Qb8 16. a4 Qc7 17. Ba3 Qb6 18. Qb2 Bf8 19. e3 Ng6 20. Kh2 h5 21. Rd2 Qc7
22. Rcd1 h4 23. Nde2 hxg3+ 24. fxg3 d5 25. Bxf8 Nxf8 26. cxd5 exd5 27. Nxd5 Nxd5
28. Bxd5 Rxe3 29. Nf4 b5 30. axb5 Bxb5 31. Rf2 Be8 32. Qd4 Qe5 33. Qxe5 Rxe5 34.
h4 g6 35. Ra1 Rd8 36. Bc4 a5 37. Nh3 Ne6 38. Nf4 Nxf4 39. Rxf4 Kg7 40. Raf1 Rd2+
41. R1f2 Rxf2+ 42. Rxf2 1/2-1/2

[Event "World Blitz 2015"]
[Site "Berlin GER"]
[Date "2015.10.13"]
[Round "7.56"]
[White "Donchenko, Alexander"]
[Black "Borisek, Jure"]
[Result "0-1"]
[WhiteTitle "GM"]
[BlackTitle "GM"]
[WhiteElo "2577"]
[BlackElo "2565"]
[WhiteFideId "24603295"]
[BlackFideId "14603152"]
[EventDate "2015.10.13"]

1. Nf3 Nf6 2. c4 c5 3. g3 Nc6 4. Bg2 d6 5. O-O g6 6. d4 cxd4 7. Nxd4 Bd7 8. Nc2
Bg7 9. Nc3 O-O 10. b3 a6 11. Bd2 Rb8 12. a4 Ne8 13. e4 Nc7 14. Qe2 Ne6 15. Rab1
Ned4 16. Nxd4 Nxd4 17. Qd3 b5 18. cxb5 axb5 19. Be3 Nc6 20. Nxb5 Ne5 21. Qe2
Bxb5 22. axb5 Qa5 23. b6 Nd7 24. b4 Qa4 25. Rfc1 Nxb6 26. Rc7 Qa3 27. b5 Rfe8
28. Bf1 Bf6 29. Qc2 h5 30. Qc6 Qa2 31. Bd3 Qa3 32. Bc2 Na8 33. Ra7 Qc3 34. Qxc3
Bxc3 35. b6 Be5 36. Ba4 Rf8 37. Rxe7 Bc3 38. b7 Ba5 39. Rb5 Bd8 40. bxa8=Q Rxa8
41. Ra7 Rc8 42. Rb1 Bf6 43. Bb3 h4 44. Bd5 h3 45. Rbb7 Bd4 46. Rxf7 Rxf7 47.
Rxf7 Bxe3 48. Rc7+ 0-1

[Event "World Blitz 2015"]
[Site "Berlin GER"]
[Date "2015.10.13"]
[Round "7.58"]
[White "Mikhalevski, Victor"]
[Black "Rakhmanov, Aleksandr"]
[Result "0-1"]
[WhiteTitle "GM"]
[BlackTitle "GM"]
[WhiteElo "2536"]
[BlackElo "2637"]
[WhiteFideId "2801914"]
[BlackFideId "4173708"]
[EventDate "2015.10.13"]

1. c4 Nf6 2. g3 c6 3. Nf3 g6 4. b3 Bg7 5. Bb2 O-O 6. Bg2 d5 7. d3 Bg4 8. Nbd2
Bxf3 9. Nxf3 Qa5+ 10. Nd2 Nbd7 11. O-O e5 12. e3 Rfe8 13. Qc2 Rad8 14. a3 Nf8
15. b4 Qb6 16. cxd5 Nxd5 17. Nc4 Qc7 18. Rac1 Ne6 19. Qb1 Nb6 20. Na5 a6 21.
Rfd1 Nd5 22. Qa1 h5 23. h4 Qb8 24. Nc4 Nf8 25. e4 Nc7 26. Nxe5 Nb5 27. f4 Ne6
28. Kh2 Nbd4 29. Bh3 Bxe5 30. fxe5 b5 31. Bxe6 Nxe6 32. Rxc6 Rc8 33. Qc1 Rxc6
34. Qxc6 Rc8 35. Qd6 Rc2+ 36. Kh1 Qa7 37. d4 Rxb2 38. Qd5 Qc7 0-1

[Event "World Blitz 2015"]
[Site "Berlin GER"]
[Date "2015.10.13"]
[Round "7.60"]
[White "Kunin, Vitaly"]
[Black "Dlugy, Maxim"]
[Result "0-1"]
[WhiteTitle "GM"]
[BlackTitle "GM"]
[WhiteElo "2556"]
[BlackElo "2518"]
[WhiteFideId "4128737"]
[BlackFideId "2000075"]
[EventDate "2015.10.13"]

1. d4 Nf6 2. Nf3 g6 3. g3 Bg7 4. Bg2 O-O 5. O-O d6 6. c4 c6 7. Nc3 Qa5 8. Qd2 e5
9. dxe5 dxe5 10. Ne4 Qc7 11. Nxf6+ Bxf6 12. Qh6 Bg7 13. Qh4 Qd8 14. Bg5 f6 15.
Bh6 Be6 16. Bxg7 Kxg7 17. Qe4 Nd7 18. Qc2 Qe7 19. b3 a5 20. Rad1 a4 21. Nd2 Rfd8
22. Qc3 Bf7 23. b4 a3 24. Nb1 Ra4 25. Nxa3 Qxb4 26. Qxb4 Rxb4 27. Rd6 Kf8 28.
Rfd1 Ke7 29. R6d2 Be6 30. e3 Ra8 31. Nc2 Rxc4 32. a3 Rc3 33. Rb1 Ra7 34. Rb2 Nc5
35. h4 Bf5 36. Nb4 Raxa3 37. h5 gxh5 38. Bf3 Bg4 39. Kg2 Rab3 40. Na2 Rxb2 41.
Rxb2 Rb3 42. Rc2 Nd3 0-1

[Event "World Blitz 2015"]
[Site "Berlin GER"]
[Date "2015.10.13"]
[Round "7.61"]
[White "Ponkratov, Pavel"]
[Black "Kovalev, Vladislav"]
[Result "1-0"]
[WhiteTitle "GM"]
[BlackTitle "GM"]
[WhiteElo "2604"]
[BlackElo "2546"]
[WhiteFideId "4157800"]
[BlackFideId "13504398"]
[EventDate "2015.10.13"]

1. d4 Nf6 2. c4 e5 3. dxe5 Ng4 4. Bf4 g5 5. Bg3 Bg7 6. Nf3 Nc6 7. h4 Ngxe5 8.
Nxe5 Nxe5 9. hxg5 Nxc4 10. Nc3 c6 11. e3 Nxb2 12. Qd2 Qa5 13. Rc1 b5 14. Bd6 Na4
15. Nxa4 Qxd2+ 16. Kxd2 bxa4 17. Rh4 f5 18. Rxa4 a5 19. Bd3 Ba6 20. Rxa5 Bb7 21.
Rxa8+ Bxa8 22. Rc5 Kf7 23. Bxf5 Bb7 24. Ra5 Bf8 1-0

[Event "World Blitz 2015"]
[Site "Berlin GER"]
[Date "2015.10.13"]
[Round "7.62"]
[White "Ragger, Markus"]
[Black "Petursson, Margeir"]
[Result "1-0"]
[WhiteTitle "GM"]
[BlackTitle "GM"]
[WhiteElo "2698"]
[BlackElo "2520"]
[WhiteFideId "1610856"]
[BlackFideId "2300028"]
[EventDate "2015.10.13"]

1. d4 d5 2. c4 c6 3. Nf3 Nf6 4. Nc3 dxc4 5. a4 Bf5 6. Nh4 e6 7. Nxf5 exf5 8. e3
Bd6 9. Bxc4 O-O 10. Qf3 g6 11. h3 Re8 12. g4 f4 13. Bd2 c5 14. O-O cxd4 15. exd4
Nc6 16. Nb5 Bb8 17. Rad1 a6 18. Na3 Nxd4 19. Qc3 f3 20. Bf4 Ba7 21. Nc2 Ne4 22.
Rxd4 Qh4 23. Qxf3 Bxd4 24. Nxd4 Rad8 25. Bxf7+ Kg7 26. Ne6+ Rxe6 27. Bxe6 Ng5
28. Bxg5 Qxg5 29. Rd1 Rxd1+ 30. Qxd1 Qe5 31. Qb3 b5 32. axb5 axb5 33. Bd5 Qe1+
34. Kg2 b4 35. Qe3 Qd1 36. Qe5+ Kf8 37. Qf6+ Ke8 38. Bc6+ 1-0

[Event "World Blitz 2015"]
[Site "Berlin GER"]
[Date "2015.10.13"]
[Round "7.63"]
[White "Sumets, Andrey"]
[Black "Riff, Jean-Noel"]
[Result "0-1"]
[WhiteTitle "GM"]
[BlackTitle "GM"]
[WhiteElo "2583"]
[BlackElo "2499"]
[WhiteFideId "14105500"]
[BlackFideId "611190"]
[EventDate "2015.10.13"]

1. d4 Nf6 2. c4 e6 3. Nf3 Bb4+ 4. Nbd2 O-O 5. a3 Be7 6. e4 d6 7. Be2 e5 8. Qc2
Nfd7 9. Nb1 Nc6 10. Be3 exd4 11. Nxd4 Nxd4 12. Bxd4 Bf6 13. Bxf6 Nxf6 14. Nc3
Re8 15. O-O b6 16. Rfd1 Bb7 17. f3 Nh5 18. Qd2 Qf6 19. Nb5 Re7 20. Bf1 Nf4 21.
g3 Ne6 22. Bg2 a6 23. Nc3 Rae8 24. b4 Ng5 25. Rf1 Qh6 26. Rad1 Qg6 27. Qd3 h5
28. Nd5 Bxd5 29. cxd5 h4 30. Qxa6 hxg3 31. hxg3 f5 32. exf5 Qxf5 33. Qd3 Qf6 34.
Qd4 Qh6 35. Qh4 Qg6 36. Qg4 Re2 37. Rc1 Qh6 38. Rxc7 Rd2 39. Rc8 Re2 40. Rfc1
Nf7 41. Rxe8+ Rxe8 42. Rc8 Qe3+ 43. Kh2 Qh6+ 44. Qh3 Rxc8 0-1

[Event "World Blitz 2015"]
[Site "Berlin GER"]
[Date "2015.10.13"]
[Round "7.64"]
[White "Nikolic, Predrag"]
[Black "Demuth, Adrien"]
[Result "0-1"]
[WhiteTitle "GM"]
[BlackTitle "GM"]
[WhiteElo "2603"]
[BlackElo "2545"]
[WhiteFideId "14400014"]
[BlackFideId "642274"]
[EventDate "2015.10.13"]

1. d4 d5 2. c4 e6 3. Nc3 c5 4. cxd5 exd5 5. Nf3 Nc6 6. g3 Nf6 7. Bg2 Be7 8. O-O
O-O 9. dxc5 Bxc5 10. Bg5 d4 11. Ne4 Be7 12. Bxf6 Bxf6 13. Nc5 Qe7 14. Rc1 Bg4
15. h3 Bh5 16. Re1 Rac8 17. Qb3 b6 18. Nd3 Bg6 19. Nf4 Be4 20. Nd2 Bxg2 21. Kxg2
Bg5 22. Nd5 Qd7 23. f4 Bh6 24. Nb4 Nxb4 25. Qxb4 g5 26. Ne4 Qd5 27. Qe7 Rce8 28.
Qf6 Qxe4+ 29. Kh2 Re6 0-1

[Event "World Blitz 2015"]
[Site "Berlin GER"]
[Date "2015.10.13"]
[Round "7.65"]
[White "Ernst, Sipke"]
[Black "Agrest, Evgenij"]
[Result "1-0"]
[WhiteTitle "GM"]
[BlackTitle "GM"]
[WhiteElo "2527"]
[BlackElo "2596"]
[WhiteFideId "1004689"]
[BlackFideId "1705024"]
[EventDate "2015.10.13"]

1. d4 d5 2. c4 c6 3. Nf3 Nf6 4. e3 a6 5. Nbd2 Bg4 6. Bd3 e6 7. O-O Nbd7 8. b3 c5
9. Bb2 cxd4 10. exd4 Bd6 11. Qc2 Bh5 12. Ne5 Rc8 13. f4 O-O 14. c5 Bb8 15. Rae1
Bg6 16. b4 Re8 17. Nxg6 hxg6 18. a4 Qc7 19. g3 b6 20. Bxa6 Rcd8 21. Bb5 bxc5 22.
bxc5 Rc8 23. Nb3 Ba7 24. Kg2 Red8 25. Bc3 Rf8 26. Ba5 Qb8 27. Nd2 Qa8 28. Nf3
Bxc5 29. dxc5 Qxa5 30. c6 Nb6 31. Nd4 Ne4 32. Rxe4 dxe4 33. Qxe4 Nd5 34. Nxe6
Nc3 35. Qe5 fxe6 36. Qxe6+ Rf7 37. Qxc8+ Kh7 38. Qh3+ Kg8 39. Qc8+ Kh7 40. Qh3+
Kg8 41. Bc4 Qc7 42. Qd7 1-0